00290nam a22000977a 4500008004100000082001700041110002900058245005400087260004300141300000800184230620b xxu||||| |||| 00| 0 eng d a323.168bCOM bCommonwealth Secretariat aRacism in Southern Africabthe commonwealth stand aLondonbCommonwealth secretariatc1987 a47p